000 00837nam a22002177a 4500
999 _c20857
_d20857
003 AR-CdUCM
008 190306b ||||| |||| 00| 0 spa d
040 _aMUNICIPALIDAD PROVINCIAL DEL CUSCO
_cBIBLIOTECA MUNICIPAL DEL CUSCO
082 _a940 /
_bM35
100 _aMaquiavelo, Nicolas
_910771
245 _aEl príncipe /
260 _aParis :
_bPillet ainé,
_c1838.
300 _a215 paginas ;
_c14 cm.
505 _aContenido :De los principados hereditarios -- Del principado civil -- Como se deben medir las fuerzas de los gobiernos -- De los deberes del príncipe con la milicia -- Hay que evitar ser odiado y despreciado ...
650 _aCiencia política
_91775
650 _aObras anteriores a 1800
_910772
650 _aÉtica política
_910773
650 _aMaquiavelo
_913496
942 _2ddc
_cLIBROS
945 _aAndy